Online Catalogue and eLibrary

Critiques of knowing : (Record no. 5907)

MARC details
000 -LEADER
fixed length control field 00712cam a2200229 a 4500
001 - CONTROL NUMBER
control field 2143103
005 - DATE AND TIME OF LATEST TRANSACTION
control field 20240628051510.0
008 - FIXED-LENGTH DATA ELEMENTS--GENERAL INFORMATION
fixed length control field 980806s1999 nyu b 001 0 eng
020 ## - INTERNATIONAL STANDARD BOOK NUMBER
ISBN 0415192560 (hbk.)
020 ## - INTERNATIONAL STANDARD BOOK NUMBER
ISBN 0415192579 (pbk.)
040 ## - CATALOGING SOURCE (பட்டியலாக்க மூலம்)
Original cataloging agency DLC
Transcribing agency DLC
Modifying agency DLC
082 00 - DDC Classification
Class No. 121
DDC Edition Number 21
100 1# - MAIN ENTRY--PERSONAL NAME
Personal name Hunter, Lynette.
245 10 - TITLE STATEMENT
Title Critiques of knowing :
Remainder of title situated textualities in science, computing, and the arts /
Statement of responsibility, etc. Lynette Hunter.
260 ## - PUBLICATION, DISTRIBUTION, ETC.
Place of publication, distribution, etc. London ;
-- New York :
Name of publisher, distributor, etc. Routledge,
Date of publication, distribution, etc. 1999.
300 ## - PHYSICAL DESCRIPTION
Extent (e.g. Volumes, Pages etc.) vii, 246 p. ;
650 #0 - SUBJECT ADDED ENTRY--TOPICAL TERM
Topical term or geographic name entry element Knowledge, Theory of.
650 #0 - SUBJECT ADDED ENTRY--TOPICAL TERM
Topical term or geographic name entry element Science
650 #0 - SUBJECT ADDED ENTRY--TOPICAL TERM
Topical term or geographic name entry element Artificial intelligence.
856 42 - ELECTRONIC LOCATION AND ACCESS
Uniform Resource Identifier <a href="http://www.loc.gov/catdir/enhancements/fy0649/98030839-d.html">http://www.loc.gov/catdir/enhancements/fy0649/98030839-d.html</a>
942 ## - Koha item type (Biblio)
Koha item type Books in Stacks (Lending)
Holdings
Lost status Damaged status Collection code Home library Current library Date acquired Full call number Accession Number Item type
    Lending WERC Library WERC Library 06/28/2024 121 2957 Books in Stacks (Lending)

© WERC Library